Video Games by Year: 1981 - Statistics

General Stats
  • This quiz has been taken 48 times
  • The average score is 2 of 16
Answer Stats
Picture Answer % Correct
Donkey Kong
100%
Frogger
70%
Galaga
53%
Castle Wolfenstein
5%
Radar Rat Race
5%
Cosmic Avenger
3%
Sokoban
3%
Crossfire
0%
Dragon's Eye
0%
Jump Bug
0%
Kick
0%
River Patrol
0%
Sabotage
0%
Softporn Adventure
0%
Space Eggs
0%
Video Hustler
0%
No matching quizzes found
Score Distribution
Percent of People with Each Score
Percentile by Number Answered
Your Score History
You have not taken this quiz